<?xml version="1.0" encoding="UTF-8"?>
<collection xmlns="http://www.loc.gov/MARC21/slim">
 <record>
  <leader>01314nam a22002177a 4500</leader>
  <controlfield tag="001">NCT_44204</controlfield>
  <controlfield tag="008">180706b        xxu||||| |||| 00| 0 vie d</controlfield>
  <datafield tag="999" ind1=" " ind2=" ">
   <subfield code="c">2119</subfield>
   <subfield code="d">2119</subfield>
  </datafield>
  <datafield tag="020" ind1=" " ind2=" ">
   <subfield code="c">63000</subfield>
  </datafield>
  <datafield tag="082" ind1="0" ind2="4">
   <subfield code="2">23rd ed.</subfield>
   <subfield code="a">335.434</subfield>
   <subfield code="b">Th107</subfield>
  </datafield>
  <datafield tag="100" ind1="1" ind2=" ">
   <subfield code="a">Song Thành</subfield>
  </datafield>
  <datafield tag="245" ind1="1" ind2="0">
   <subfield code="a">Hồ Chí Minh nhà văn hoá kiệt xuất</subfield>
   <subfield code="c">Song Thành</subfield>
  </datafield>
  <datafield tag="250" ind1=" " ind2=" ">
   <subfield code="a">Tái bản có sửa chữa, bổ sung</subfield>
  </datafield>
  <datafield tag="260" ind1=" " ind2=" ">
   <subfield code="a">H.</subfield>
   <subfield code="b">Chính trị Quốc gia</subfield>
   <subfield code="c">2010</subfield>
  </datafield>
  <datafield tag="300" ind1=" " ind2=" ">
   <subfield code="a">374 tr.</subfield>
   <subfield code="c">21cm</subfield>
  </datafield>
  <datafield tag="520" ind1="3" ind2=" ">
   <subfield code="a">Cuốn sách này được xuất bản trên cơ sở cuốn sách cùng tên được in tháng 3 năm 1999, nhưng đã được tác giả viết lại, thay thế, sửa chữa, bổ sung, cập nhật hoá, đem lại cho cuốn sách một chất lượng mới, đầy đặn và phong phú hơn nhiều.</subfield>
  </datafield>
  <datafield tag="653" ind1=" " ind2=" ">
   <subfield code="a">Kinh tế chính trị</subfield>
  </datafield>
  <datafield tag="942" ind1=" " ind2=" ">
   <subfield code="2">ddc</subfield>
   <subfield code="c">BK</subfield>
  </datafield>
  <datafield tag="952" ind1=" " ind2=" ">
   <subfield code="0">0</subfield>
   <subfield code="1">0</subfield>
   <subfield code="2">ddc</subfield>
   <subfield code="4">0</subfield>
   <subfield code="6">335_434000000000000_TH107</subfield>
   <subfield code="7">0</subfield>
   <subfield code="9">12049</subfield>
   <subfield code="a">000001</subfield>
   <subfield code="b">000001</subfield>
   <subfield code="d">2018-07-06</subfield>
   <subfield code="o">335.434 Th107</subfield>
   <subfield code="p">MD.01606</subfield>
   <subfield code="r">2018-07-06</subfield>
   <subfield code="v">63000.00</subfield>
   <subfield code="w">2018-07-06</subfield>
   <subfield code="y">BK</subfield>
  </datafield>
  <datafield tag="952" ind1=" " ind2=" ">
   <subfield code="0">0</subfield>
   <subfield code="1">0</subfield>
   <subfield code="2">ddc</subfield>
   <subfield code="4">0</subfield>
   <subfield code="6">335_434000000000000_TH107</subfield>
   <subfield code="7">0</subfield>
   <subfield code="9">12076</subfield>
   <subfield code="a">000001</subfield>
   <subfield code="b">000001</subfield>
   <subfield code="d">2018-07-06</subfield>
   <subfield code="l">2</subfield>
   <subfield code="o">335.434 Th107</subfield>
   <subfield code="p">MD.12339</subfield>
   <subfield code="r">2020-01-03</subfield>
   <subfield code="s">2019-12-30</subfield>
   <subfield code="v">63000.00</subfield>
   <subfield code="w">2018-07-06</subfield>
   <subfield code="y">BK</subfield>
  </datafield>
  <datafield tag="980" ind1=" " ind2=" ">
   <subfield code="a">Thư viện Trường Đại học Nam Cần Thơ</subfield>
  </datafield>
 </record>
</collection>
